[Event "24th Dubai Open A 2024"]
[Site "Dubai UAE"]
[Date "2024.06.01"]
[Round "8.15"]
[White "Muthaiah, AL"]
[Black "Wang, Yanbin"]
[Result "1/2-1/2"]
[WhiteTitle "IM"]
[WhiteElo "2493"]
[BlackElo "2415"]
[WhiteFideId "5092442"]
[BlackFideId "8617996"]
[EventDate "2024.05.25"]

1. Nf3 Nf6 2. g3 d5 3. Bg2 Bg4 4. d4 Nbd7 5. O-O e6 6. h3 Bf5 7. c4 c6 8. Qb3
Qc8 9. Nc3 h6 10. Nd2 Bd6 11. e4 dxe4 12. Ndxe4 Nxe4 13. Nxe4 Bxe4 14. Bxe4 O-O
15. Bg2 Nf6 16. Be3 Qd7 17. Rad1 Rfd8 18. Rfe1 Rac8 19. Qc2 Bb4 20. Re2 b5 21.
c5 Ba5 22. Bf3 Nd5 23. Bc1 Qe7 24. Kg2 Rd7 25. h4 Qf8 26. a3 Bd8 27. Bd2 Bf6 28.
Ba5 Bd8 29. Be1 Bf6 30. Ba5 Bd8 31. Be1 Bf6 32. Ba5 1/2-1/2

[Event "24th Dubai Open A 2024"]
[Site "Dubai UAE"]
[Date "2024.06.01"]
[Round "8.16"]
[White "Zhu, Jiner"]
[Black "Liyanage, Ranindu Dilshan"]
[Result "1-0"]
[WhiteTitle "GM"]
[BlackTitle "IM"]
[WhiteElo "2476"]
[BlackElo "2352"]
[WhiteFideId "8608059"]
[BlackFideId "9915834"]
[EventDate "2024.05.25"]

1. e4 e5 2. Nf3 Nc6 3. Bc4 Nf6 4. d3 Be7 5. O-O O-O 6. Re1 d6 7. a4 Be6 8. a5 a6
9. h3 h6 10. Nc3 Bxc4 11. dxc4 Nb8 12. Nd5 Nbd7 13. Ra3 Kh7 14. b4 Nxd5 15. cxd5
c6 16. dxc6 bxc6 17. Rb3 Rb8 18. Be3 Qc7 19. Qd3 c5 20. Qc4 Kg8 21. bxc5 Rbc8
22. Qxa6 Nxc5 23. Bxc5 Qxc5 24. Rb7 Bf6 25. Qb6 Qxc2 26. a6 Qa4 27. a7 Rc6 28.
Qb5 Qxb5 29. Rxb5 Ra6 30. Rb7 Kh7 31. Rc1 Ra8 32. Rcc7 d5 33. Rxf7 d4 34. Nd2 d3
35. Rfd7 Ra4 36. g3 Kg6 37. Kg2 h5 38. h4 Kh6 39. Kf3 Rd4 40. Rxd4 exd4 41. Nc4
Bd8 42. Rb8 1-0

[Event "24th Dubai Open A 2024"]
[Site "Dubai UAE"]
[Date "2024.06.01"]
[Round "8.17"]
[White "Beydullayeva, Govhar"]
[Black "Rathanvel, V S"]
[Result "0-1"]
[WhiteTitle "WGM"]
[BlackTitle "IM"]
[WhiteElo "2411"]
[BlackElo "2471"]
[WhiteFideId "13413015"]
[BlackFideId "25002112"]
[EventDate "2024.05.25"]

1. d4 Nf6 2. c4 e6 3. Nf3 d5 4. Nc3 Bb4 5. Qa4+ Nc6 6. e3 O-O 7. Qc2 b6 8. a3
Bxc3+ 9. Qxc3 Ba6 10. b3 Na5 11. Bd3 dxc4 12. bxc4 Rc8 13. a4 c5 14. dxc5 Bxc4
15. Bc2 Nd5 16. Qd2 bxc5 17. Ba3 Ba6 18. Rd1 Nc4 19. Qd3 Qa5+ 20. Nd2 f5 0-1

[Event "24th Dubai Open A 2024"]
[Site "Dubai UAE"]
[Date "2024.06.01"]
[Round "8.18"]
[White "Buksa, Nataliya"]
[Black "Sanikidze, Tornike"]
[Result "0-1"]
[WhiteTitle "IM"]
[BlackTitle "GM"]
[WhiteElo "2383"]
[BlackElo "2453"]
[WhiteFideId "14123622"]
[BlackFideId "13602608"]
[EventDate "2024.05.25"]

1. e4 e5 2. Nf3 Nc6 3. Bb5 a6 4. Ba4 Nf6 5. O-O Be7 6. Re1 b5 7. Bb3 d6 8. c3
O-O 9. h3 Nb8 10. d4 Nbd7 11. Nbd2 Bb7 12. Bc2 Re8 13. Nf1 Bf8 14. Ng3 g6 15. a4
Bg7 16. Bd3 c6 17. dxe5 Nxe5 18. Nxe5 dxe5 19. Be3 Nd7 20. Qe2 Bf8 21. Red1 Qc7
22. Bc2 Nc5 23. b3 Ne6 24. Qf1 Rad8 25. b4 Rxd1 26. Rxd1 Rd8 27. Rb1 Bc8 28. Ne2
c5 29. bxc5 bxa4 30. Bxa4 Nxc5 31. Bc2 Be6 32. Nc1 a5 33. Ra1 Rb8 34. Qd1 Bc4
35. h4 h5 36. Bg5 Ne6 37. Bf6 Bg7 38. Qf3 Bxf6 39. Qxf6 Nf4 40. Rb1 Rxb1 41.
Bxb1 Qb8 42. Bc2 Qb2 43. Qd8+ Kg7 44. Qd2 Qxc1+ 0-1

[Event "24th Dubai Open A 2024"]
[Site "Dubai UAE"]
[Date "2024.06.01"]
[Round "8.19"]
[White "Dimakiling, Oliver"]
[Black "Khripachenko, Alexander"]
[Result "1/2-1/2"]
[WhiteTitle "IM"]
[BlackTitle "FM"]
[WhiteElo "2425"]
[BlackElo "2371"]
[WhiteFideId "5202248"]
[BlackFideId "54184975"]
[EventDate "2024.05.25"]

1. c4 e6 2. e4 c5 3. Nc3 Nc6 4. Nf3 Nf6 5. a3 d5 6. cxd5 exd5 7. exd5 Nxd5 8. d4
cxd4 9. Nxd4 Nxc3 10. bxc3 Bc5 11. Qe2+ Qe7 12. Qxe7+ Nxe7 13. Nb3 Bb6 14. Bb5+
Bd7 15. Bxd7+ Kxd7 16. Bg5 Rhd8 17. O-O-O+ Ke8 18. Rde1 f6 19. Be3 Bxe3+ 20.
Rxe3 Kf7 21. g3 Rac8 22. Kc2 Nf5 23. Re4 Rd7 24. Rf4 Ne7 25. Kb2 Rdc7 26. Rc1
Nd5 27. Rf3 Nb6 28. Nd4 Nc4+ 29. Ka2 Ne5 30. Re3 Ng4 31. Rf3 Nxh2 32. Rd3 Rd7
33. Rcd1 Ng4 34. Nb5 Rxd3 35. Rxd3 Ne5 36. Rd1 Rc5 37. Nd6+ Ke6 38. f4 Nd7 39.
Nxb7 Rc7 40. Re1+ Kd5 41. c4+ Kd4 42. Nd6 Rc6 43. Rd1+ Ke3 44. Nf5+ Ke4 45. Rxd7
Kxf5 46. Rxg7 Rxc4 47. Rxh7 Rc3 48. Rg7 a5 49. Kb2 Rd3 50. a4 Ke4 51. Rg8 Kf5
52. Kc2 Ra3 53. Kd2 Rxa4 54. Ke3 Ra3+ 55. Kf2 a4 56. Kg2 Ra1 57. Kf3 Ra3+ 58.
Kg2 Ra1 1/2-1/2

[Event "24th Dubai Open A 2024"]
[Site "Dubai UAE"]
[Date "2024.06.01"]
[Round "8.20"]
[White "Aliyev, Ravan"]
[Black "Manon, Reja Neer"]
[Result "0-1"]
[WhiteTitle "FM"]
[BlackTitle "FM"]
[WhiteElo "2352"]
[BlackElo "2423"]
[WhiteFideId "13409980"]
[BlackFideId "10224009"]
[EventDate "2024.05.25"]

1. d4 Nf6 2. Nf3 c5 3. e3 g6 4. dxc5 Qa5+ 5. Nbd2 Bg7 6. a3 Qxc5 7. b4 Qc7 8.
Bb2 O-O 9. Be2 d6 10. O-O b6 11. c4 Bb7 12. Rc1 Nbd7 13. Qb3 Rac8 14. Rfd1 Qb8
15. Ne1 Rc7 16. Bf3 Rfc8 17. Nd3 a6 18. Nf4 e5 19. Nd5 Nxd5 20. Bxd5 Bxd5 21.
cxd5 b5 22. Rxc7 Rxc7 23. a4 Nb6 24. axb5 axb5 25. Ne4 Nc4 26. Bc3 Qb6 27. Ra1
h6 28. Be1 Kh7 29. Nd2 f5 30. Rc1 Qa6 31. Nf1 Qa8 32. Rd1 e4 33. h4 h5 34. Ng3
Nb2 35. Rb1 Nd3 36. Ne2 Qa4 37. Kf1 Rc2 38. Nf4 Nc1 39. Qxa4 bxa4 40. b5 a3 41.
b6 a2 42. Rb5 a1=Q 43. b7 Nd3 0-1

[Event "24th Dubai Open A 2024"]
[Site "Dubai UAE"]
[Date "2024.06.01"]
[Round "8.21"]
[White "Xie, Kaifan"]
[Black "Lee, Junhyeok"]
[Result "0-1"]
[WhiteTitle "CM"]
[BlackTitle "IM"]
[WhiteElo "2376"]
[BlackElo "2381"]
[WhiteFideId "8619107"]
[BlackFideId "13202340"]
[EventDate "2024.05.25"]

1. d4 Nf6 2. c4 g6 3. Nc3 Bg7 4. e4 d6 5. Nf3 O-O 6. Be2 Nbd7 7. O-O e5 8. Be3
Qe7 9. Qc2 c6 10. Rad1 h6 11. d5 c5 12. Ne1 Kh8 13. a3 Ng8 14. b4 b6 15. Nd3 f5
16. f3 Ndf6 17. Rb1 g5 18. bxc5 bxc5 19. Qa4 g4 20. Kh1 0-1

[Event "24th Dubai Open A 2024"]
[Site "Dubai UAE"]
[Date "2024.06.01"]
[Round "8.22"]
[White "Injac, Teodora"]
[Black "Balajayeva, Khanim"]
[Result "0-1"]
[WhiteTitle "IM"]
[BlackTitle "IM"]
[WhiteElo "2422"]
[BlackElo "2376"]
[WhiteFideId "932400"]
[BlackFideId "13406396"]
[EventDate "2024.05.25"]

1. d4 Nf6 2. c4 e6 3. Nc3 Bb4 4. e3 O-O 5. Bd3 d5 6. a3 Bxc3+ 7. bxc3 dxc4 8.
Bxc4 c5 9. Nf3 Qc7 10. Be2 b6 11. Bb2 Bb7 12. O-O Nc6 13. c4 Rfd8 14. Re1 Rac8
15. Bd3 Ne7 16. h3 Ng6 17. a4 Ne4 18. a5 bxa5 19. Bf1 Bc6 20. Nd2 Nxd2 21. Qxd2
a4 22. Qc3 f6 23. d5 exd5 24. cxd5 Bxd5 25. Rxa4 Qf7 26. Rea1 Rc7 27. Rd1 Rcc8
28. Ra5 Be6 29. Rxd8+ Rxd8 30. Rxc5 h6 31. Be2 Qe8 32. Rc7 Ne5 33. f4 Nf7 34.
Rxa7 Bd5 35. Kh2 Be4 36. Bc4 Bd5 37. Bxd5 Rxd5 38. Qc7 Rd2 39. Bd4 Qe6 40. Qb7
h5 41. Qf3 Nh6 42. Ra8+ Kh7 43. Ra5 h4 44. Rb5 Nf5 45. Qh5+ Nh6 46. Qf3 Nf5 47.
Rb6 Qe8 48. Qc6 Qg6 49. Qf3 Qg3+ 50. Kg1 Qxf3 51. gxf3 Nxd4 52. exd4 Rxd4 53.
Kf2 Rxf4 54. Ke3 Ra4 55. Rb2 g5 56. Kf2 Kg6 57. Rb5 Ra2+ 58. Kg1 Re2 59. Ra5 Re5
60. Ra4 Kf5 61. Kf2 Rc5 62. Re4 Rc2+ 63. Kg1 Rd2 64. Ra4 Ke5 65. Re4+ Kf5 66.
Ra4 Re2 67. Rb4 Ke5 68. Ra4 f5 69. f4+ gxf4 70. Rb4 Rd2 71. Ra4 Rd4 72. Ra2 Rd3
73. Kf2 Rxh3 74. Ra5+ Kf6 75. Ra8 Rb3 76. Kg2 f3+ 77. Kf2 Kg5 78. Ra4 h3 79. Kg3
Rb1 80. Ra2 f4+ 81. Kxf3 Rf1+ 82. Ke4 Kg4 0-1

[Event "24th Dubai Open A 2024"]
[Site "Dubai UAE"]
[Date "2024.06.01"]
[Round "8.23"]
[White "Stella, Andrea"]
[Black "Piliposyan, Robert"]
[Result "1/2-1/2"]
[WhiteTitle "GM"]
[BlackTitle "FM"]
[WhiteElo "2397"]
[BlackElo "2364"]
[WhiteFideId "827061"]
[BlackFideId "13309978"]
[EventDate "2024.05.25"]

1. d4 Nf6 2. c4 e6 3. g3 d5 4. Bg2 Bb4+ 5. Nd2 O-O 6. Nf3 dxc4 7. Qc2 a5 8. a3
Bxd2+ 9. Bxd2 b5 10. a4 Bb7 11. axb5 Qd5 12. Rxa5 Rxa5 13. Bxa5 Qxb5 14. Bc3 Be4
15. Qc1 Nd5 16. O-O Nd7 17. Re1 N7b6 18. Nd2 Bxg2 19. Kxg2 c5 20. dxc5 Qxc5 21.
e4 Nxc3 22. Qxc3 Rd8 23. Rc1 Qb5 24. Nxc4 Nxc4 25. Qxc4 Qxb2 26. Rd1 Qb8 27.
Rxd8+ Qxd8 28. h4 h5 29. Qe2 g6 30. Qe3 e5 31. Qc3 1/2-1/2

[Event "24th Dubai Open A 2024"]
[Site "Dubai UAE"]
[Date "2024.06.01"]
[Round "8.24"]
[White "Goh, Zi Han"]
[Black "Poormosavi, Seyed Kian"]
[Result "0-1"]
[WhiteTitle "FM"]
[BlackTitle "IM"]
[WhiteElo "2306"]
[BlackElo "2388"]
[WhiteFideId "5819156"]
[BlackFideId "12585807"]
[EventDate "2024.05.25"]

1. d4 Nf6 2. c4 e6 3. g3 d5 4. Nf3 Bb4+ 5. Bd2 a5 6. Bg2 O-O 7. Qc2 c5 8. O-O
cxd4 9. Nxd4 e5 10. Nb5 d4 11. Bxb4 axb4 12. c5 Qe7 13. Nd2 Bg4 14. Ne4 Nc6 15.
Ned6 Ra5 16. a4 b3 17. Qxb3 Bxe2 18. Rfe1 d3 19. Bf1 Bxf1 20. Rxf1 e4 21. f3
Rxb5 22. Qxb5 Nd4 23. Qxb7 Qxb7 24. Nxb7 e3 25. Ra3 e2 26. Rxd3 exf1=Q+ 27. Kxf1
Nc6 28. Rd6 Rc8 29. a5 Ne8 30. Rd7 Ra8 31. Nd6 Nf6 32. Rxf7 Nxa5 33. Re7 Nc6 34.
Rc7 Nd4 35. b4 Rb8 36. Rc8+ Rxc8 37. Nxc8 Nd5 38. Kf2 Nxb4 39. Nd6 Ne6 40. Ke3
Nxc5 41. Kf4 Nbd3+ 42. Ke3 Ne5 43. Kd4 Ncd7 44. Ke4 Nf7 45. Nf5 Nf6+ 46. Ke3 Ne5
47. Ne7+ Kf7 48. Nf5 Nc6 49. Kf4 Ne8 50. Ke4 Kf6 51. Ne3 Ke6 52. Ng2 Nf6+ 53.
Ke3 Ke5 54. Kf2 Nd5 55. Nh4 Nd4 56. Ng2 Nc7 57. Ne3 Nce6 58. Nc4+ Kd5 59. Ne3+
Kc5 60. Ng4 Ng5 61. f4 Ngf3 62. Kg2 Kc4 63. Ne3+ Kd3 64. Nd5 Ke4 65. Nc3+ Kf5
66. Nd5 Nd2 67. Nc3 N2f3 68. Nd5 Ke6 69. Nc3 Kd6 70. Ne4+ Kd5 71. Nc3+ Kc4 72.
Ne4 Ne1+ 73. Kf2 Nd3+ 74. Kg2 Nf5 75. Ng5 h6 76. Ne4 Kd4 77. Nd2 Ke3 78. Nb1
Ne1+ 79. Kf1 Nc2 80. Nc3 Kf3 81. Nb1 Nce3+ 82. Kg1 Nd4 83. Nd2+ Ke2 84. Nb1 Nf3+
85. Kh1 Kf1 86. Nc3 Ng4 87. Ne4 Nf2+ 88. Nxf2 Kxf2 89. g4 Ke3 90. g5 h5 0-1

[Event "24th Dubai Open A 2024"]
[Site "Dubai UAE"]
[Date "2024.06.01"]
[Round "8.25"]
[White "Heinemann, Josefine"]
[Black "Ahmad, Al Khatib"]
[Result "1/2-1/2"]
[WhiteTitle "WGM"]
[BlackTitle "GM"]
[WhiteElo "2303"]
[BlackElo "2380"]
[WhiteFideId "12900460"]
[BlackFideId "8103178"]
[EventDate "2024.05.25"]

1. e4 c6 2. d4 d5 3. Nd2 dxe4 4. Nxe4 Nf6 5. Nxf6+ exf6 6. c3 Bd6 7. Bd3 O-O 8.
Qc2 Re8+ 9. Ne2 h5 10. Be3 Be6 11. O-O-O Nd7 12. Kb1 Nf8 13. c4 Rc8 14. a3 Ng6
15. Nc3 Qd7 16. h3 Ne7 17. Qe2 b5 18. c5 Bc7 19. Qxh5 g6 20. Qf3 f5 21. h4 f4
22. Bxf4 Bg4 23. Qg3 Bxd1 24. Rxd1 Nf5 25. Qg4 Bxf4 26. Qxf4 Qxd4 27. Qxd4 Nxd4
28. Bxg6 Ne2 29. Bf5 Nxc3+ 30. bxc3 Rc7 31. g4 Re5 32. h5 Kg7 33. Rd6 f6 34. f4
Rxc5 35. h6+ Kxh6 36. Rxf6+ Kg7 37. Rg6+ Kf7 38. Rh6 Re7 39. Rh7+ Kf8 40. Rh8+
Kg7 41. Rh7+ Kf8 42. Rh8+ 1/2-1/2

[Event "24th Dubai Open A 2024"]
[Site "Dubai UAE"]
[Date "2024.06.01"]
[Round "8.26"]
[White "Grivas, Efstratios"]
[Black "Ezat, Mohamed"]
[Result "0-1"]
[WhiteTitle "GM"]
[BlackTitle "IM"]
[WhiteElo "2396"]
[BlackElo "2340"]
[WhiteFideId "4200039"]
[BlackFideId "10600906"]
[EventDate "2024.05.25"]

1. d4 Nf6 2. c4 d6 3. Nc3 Bf5 4. f3 e5 5. dxe5 dxe5 6. Qxd8+ Kxd8 7. e4 Be6 8.
Be3 c6 9. g4 Na6 10. O-O-O+ Kc7 11. Na4 Nd7 12. g5 Nb6 13. Nxb6 axb6 14. f4 Nc5
15. fxe5 Nxe4 16. Bh3 Bc5 17. Bxc5 Nxc5 18. Bxe6 Nxe6 19. Nf3 Rxa2 20. Kc2 Rd8
21. Rxd8 Kxd8 22. h4 Ra4 23. Kc3 b5 24. cxb5 cxb5 25. Rd1+ Ke7 26. Rd5 Rf4 27.
Nd4 Nc7 28. Rd6 g6 29. Kd3 Na6 30. Nxb5 Nc5+ 31. Ke3 Re4+ 32. Kf3 Rxe5 33. Rb6
Re6 34. Rxe6+ Kxe6 35. Nc3 Nd3 36. b3 Ke5 37. Ke3 Nf4 38. Kf3 Ne6 39. b4 Nd4+
40. Kg4 Nf5 41. Na4 b5 42. Nb6 Ke6 43. Nc8 Nd6 44. Na7 Ke5 45. Kf3 Kd5 46. Kf4
Kc4 47. Nc6 Kd5 48. Nd8 Nf5 49. h5 Nd4 50. Nxf7 gxh5 51. Nh6 Nc6 52. Ng8 Nxb4
53. Nf6+ Ke6 54. Nxh7 Nd5+ 55. Ke4 b4 56. Nf8+ Kf7 57. Nd7 b3 58. Ne5+ Kg7 59.
Nd3 Nb4 60. Nb2 Kg6 61. Kd4 h4 62. Kc3 h3 63. Nd1 h2 64. Nf2 b2 65. Kxb2 Nd3+ 0-1

[Event "24th Dubai Open A 2024"]
[Site "Dubai UAE"]
[Date "2024.06.01"]
[Round "8.27"]
[White "George Micheal, Kevin"]
[Black "Ahmad, Khagan"]
[Result "0-1"]
[WhiteTitle "IM"]
[BlackTitle "FM"]
[WhiteElo "2258"]
[BlackElo "2375"]
[WhiteFideId "10669515"]
[BlackFideId "13431552"]
[EventDate "2024.05.25"]

1. d4 Nf6 2. c4 e6 3. g3 d5 4. Bg2 Be7 5. Nf3 O-O 6. O-O c6 7. Nc3 b6 8. Ne5 Ba6
9. Qa4 Qe8 10. cxd5 cxd5 11. Qxe8 Rxe8 12. Bf4 Nbd7 13. Nxd7 Nxd7 14. Rfc1 Rac8
15. e4 dxe4 16. Nxe4 Nf6 17. Nd6 Rxc1+ 18. Rxc1 Rd8 19. Rc7 Bxd6 20. Bxd6 Rxd6
21. Rxa7 Bb5 22. Ra8+ Be8 23. Rb8 Kf8 24. a4 Rxd4 25. Bc6 Rb4 26. Bb5 Rxb2 27.
g4 g5 28. h4 h6 29. hxg5 hxg5 30. f4 Rb4 31. fxg5 Rxg4+ 32. Kf2 Rxg5 0-1

[Event "24th Dubai Open A 2024"]
[Site "Dubai UAE"]
[Date "2024.06.01"]
[Round "8.28"]
[White "Hossain, Enamul"]
[Black "Laddha, Shubh Jayesh"]
[Result "1/2-1/2"]
[WhiteTitle "GM"]
[BlackTitle "FM"]
[WhiteElo "2365"]
[BlackElo "2324"]
[WhiteFideId "10200649"]
[BlackFideId "30942799"]
[EventDate "2024.05.25"]

1. d4 d5 2. c4 dxc4 3. Nf3 Nf6 4. e3 e6 5. Bxc4 c5 6. O-O Nc6 7. Nc3 a6 8. d5
Nxd5 9. Nxd5 b5 10. e4 bxc4 11. Bf4 exd5 12. exd5 Bd6 13. Bxd6 Qxd6 14. dxc6
Qxd1 15. Rfxd1 Be6 16. Ng5 Ke7 17. Nxe6 fxe6 18. Rd7+ Kf6 19. Rc1 Rhc8 20. Rxc4
Rxc6 21. Rf4+ Ke5 22. g3 g5 23. Rf3 c4 24. Rxh7 Rb8 25. Rg7 Rxb2 26. Rxg5+ Kd4
27. Rg4+ Kd5 28. Rc3 Rxa2 29. h4 e5 30. h5 Rf6 31. Rh4 Rfxf2 32. h6 Rg2+ 33. Kh1
Rgf2 34. Rc1 Rf8 35. h7 Rh8 36. g4 Rf2 37. g5 Rf7 38. Rd1+ Kc5 39. g6 Rg7 40.
Rg4 a5 41. Kg2 a4 42. Kg3 a3 43. Rc1 Kb5 44. Rb1+ Kc5 45. Kh4 Rhxh7+ 46. gxh7
Rxh7+ 47. Kg3 a2 48. Ra1 Ra7 49. Re4 Kb4 50. Rxe5 c3 51. Re8 c2 52. Rb8+ Kc3 53.
Kf2 Ra6 54. Ke3 Ra7 55. Rb5 Ra8 56. Rb6 Ra7 57. Ke4 Ra8 58. Rb5 Ra7 59. Ke5 Ra4
60. Rb6 Rb4 61. Rc6+ Kb2 62. Rxa2+ Kxa2 63. Rxc2+ Rb2 64. Rxb2+ Kxb2 1/2-1/2

[Event "24th Dubai Open A 2024"]
[Site "Dubai UAE"]
[Date "2024.06.01"]
[Round "8.29"]
[White "Sultan, Ibrahim"]
[Black "Mammadova, Gulnar"]
[Result "1-0"]
[WhiteTitle "IM"]
[BlackTitle "IM"]
[WhiteElo "2171"]
[BlackElo "2359"]
[WhiteFideId "9301143"]
[BlackFideId "13403508"]
[EventDate "2024.05.25"]

1. d4 Nf6 2. c4 e6 3. Nf3 d5 4. Nc3 Be7 5. Bf4 O-O 6. e3 Nbd7 7. c5 Nh5 8. Bd3
Nxf4 9. exf4 b6 10. b4 a5 11. a3 c6 12. O-O Ba6 13. g3 Bxd3 14. Qxd3 Ra7 15.
Rfb1 Qa8 16. Qd1 Bf6 17. Ne5 Bxe5 18. fxe5 Rb8 19. Kg2 Rab7 20. f4 Qa6 21. Qf1
Qxf1+ 22. Kxf1 bxc5 23. bxc5 Rb3 24. Rxb3 Rxb3 25. Ne2 Kf8 26. Ke1 Rb2 27. Kf2
Ke7 28. Ke3 Kd8 29. Kd3 Nb8 30. Re1 a4 31. Nc3 Rxh2 32. Rb1 Nd7 33. Rb4 h5 34.
Rxa4 Rh3 35. Ne2 Kc8 36. Ra8+ Nb8 37. Ra7 Nd7 38. Ke3 h4 39. Kf3 hxg3 40. Ng1
Rh4 41. Kxg3 Rh1 42. Nf3 Rd1 43. Kf2 Kd8 44. Ke2 Ra1 45. a4 Ra2+ 46. Ke3 Ra3+
47. Kf2 Ke7 48. a5 f6 49. a6 Ke8 50. Nh4 Ra4 51. f5 Nf8 52. exf6 gxf6 53. Ng6
Nxg6 54. fxg6 Kf8 55. Rf7+ Kg8 56. a7 1-0

[Event "24th Dubai Open A 2024"]
[Site "Dubai UAE"]
[Date "2024.06.01"]
[Round "8.30"]
[White "Rayes, Abdul Kader"]
[Black "Xie, Felix"]
[Result "0-1"]
[BlackTitle "FM"]
[WhiteElo "2067"]
[BlackElo "2359"]
[WhiteFideId "7600801"]
[BlackFideId "4308174"]
[EventDate "2024.05.25"]

1. Nf3 Nf6 2. g3 d5 3. Bg2 c5 4. O-O e6 5. d3 Nc6 6. Nbd2 Be7 7. e4 Qc7 8. Re1
O-O 9. Qe2 Re8 10. Nf1 dxe4 11. dxe4 e5 12. c3 h6 13. Ne3 Be6 14. Nh4 Rad8 15.
Nhf5 a6 16. Qf3 Kh8 17. h4 b5 18. g4 Na5 19. g5 hxg5 20. hxg5 Nh7 21. Nd5 Bxd5
22. exd5 Bxg5 23. Bxg5 Nxg5 24. Qg3 f6 25. Qh2+ Nh7 26. Re3 g6 27. Nh4 Rg8 28.
Rg3 Qf7 29. a4 Nc4 30. axb5 axb5 31. Ra6 Nd6 32. Rc6 c4 33. Rb6 Rg7 34. Re3 Qa7
35. Rc6 Qa1+ 36. Bf1 Qd1 37. Qg2 Ng5 38. Rxe5 Qh5 39. Rxd6 Rxd6 40. Re8+ Rg8 41.
Rxg8+ Kxg8 42. Qg3 Ne4 43. Qxg6+ Qxg6+ 44. Nxg6 Kf7 45. Nf4 f5 46. Be2 Kf6 47.
Kg2 Nc5 48. Bf3 Ke5 49. Ne2 Ne4 50. Bh5 Rxd5 51. Nd4 Kf6 52. Be8 b4 53. Bc6 Rd6
54. Bxe4 fxe4 55. Nb5 Rd2 56. cxb4 Rxb2 57. Nc3 Ke5 58. Kf1 Kd4 59. Ne2+ Kd3 60.
Nf4+ Kd2 61. Nd5 c3 0-1

[Event "24th Dubai Open A 2024"]
[Site "Dubai UAE"]
[Date "2024.06.01"]
[Round "8.31"]
[White "Krawczyk, Flawian"]
[Black "Khalifa Essa, Albalooshi"]
[Result "1-0"]
[WhiteTitle "CM"]
[WhiteElo "2315"]
[BlackElo "2135"]
[WhiteFideId "21881413"]
[BlackFideId "9315853"]
[EventDate "2024.05.25"]

1. Nf3 d5 2. g3 Nf6 3. Bg2 g6 4. c4 Bg7 5. cxd5 Nxd5 6. d4 O-O 7. O-O Nb6 8. e4
Bg4 9. d5 Qd7 10. a4 c6 11. a5 Nc4 12. Nc3 Rd8 13. Qb3 Bxf3 14. Bxf3 Ne5 15. Bg2
cxd5 16. exd5 Na6 17. Be3 Rac8 18. d6 exd6 19. Qxb7 Nc5 20. Qxd7 Rxd7 21. Nd5
Nc4 22. Bg5 Rb8 23. b4 Nb3 24. Rad1 Kf8 25. Rfe1 Re8 26. Rxe8+ Kxe8 27. Bf1 Nb2
28. Re1+ Kf8 29. Bb5 1-0

[Event "24th Dubai Open A 2024"]
[Site "Dubai UAE"]
[Date "2024.06.02"]
[Round "9.1"]
[White "Dai, Changren"]
[Black "Muradli, Mahammad"]
[Result "1/2-1/2"]
[WhiteTitle "GM"]
[BlackTitle "GM"]
[WhiteElo "2510"]
[BlackElo "2560"]
[WhiteFideId "8608156"]
[BlackFideId "13409301"]
[EventDate "2024.05.25"]

1. Nf3 c5 2. e4 d6 3. Nc3 Nf6 4. d4 cxd4 5. Nxd4 a6 6. h3 e5 7. Nb3 Be7 8. g4 h6
9. Be3 b5 10. a4 bxa4 11. Rxa4 Bd7 12. Ra1 O-O 13. Bg2 a5 14. O-O Nc6 15. Nd5
Be6 16. Bb6 Qb8 17. Bc7 Qb5 18. c4 Qa6 19. Bxa5 Qxc4 20. Rc1 Bxd5 21. exd5 Nxa5
22. Rxc4 Nxc4 23. Qe2 Na5 24. Nd4 exd4 25. Qxe7 Nc4 26. Qe2 Rfc8 27. Qd3 Nxb2
28. Qxd4 Na4 29. Ra1 Nc5 30. Rxa8 Rxa8 31. Qf4 Ra6 32. Qe3 Kf8 33. Bf1 Rb6 34.
Qa3 g5 35. Qa5 Rb1 36. Qd8+ Kg7 37. f3 Ncd7 38. Kf2 Rd1 39. Qe7 Rd2+ 40. Be2 Nc5
41. Qe3 1/2-1/2

[Event "24th Dubai Open A 2024"]
[Site "Dubai UAE"]
[Date "2024.06.02"]
[Round "9.2"]
[White "Sadhwani, Raunak"]
[Black "Li, Di"]
[Result "1/2-1/2"]
[WhiteTitle "GM"]
[BlackTitle "GM"]
[WhiteElo "2654"]
[BlackElo "2563"]
[WhiteFideId "35093487"]
[BlackFideId "8607508"]
[EventDate "2024.05.25"]

1. e4 e5 2. Nf3 Nc6 3. Bc4 Bc5 4. d3 Nf6 5. O-O O-O 6. Re1 d6 7. c3 a5 8. h3 h6
9. Nbd2 Be6 10. Bb5 Qb8 11. Nf1 Qa7 12. Be3 Bxe3 13. Nxe3 Ne7 14. a4 Ng6 15. Bc4
Bxc4 16. Nxc4 Rfe8 17. Qd2 Rad8 18. Qe3 Qxe3 19. Rxe3 b6 20. g3 d5 21. exd5 Nxd5
22. Re2 Nf6 23. Nfxe5 Nxe5 24. Rxe5 Rxd3 25. Rxe8+ Nxe8 26. Kf1 Nd6 27. Ke2 Rd5
28. Nxd6 Rxd6 29. h4 Kf8 30. Ke3 Ke7 31. b4 1/2-1/2

[Event "24th Dubai Open A 2024"]
[Site "Dubai UAE"]
[Date "2024.06.02"]
[Round "9.3"]
[White "Ivic, Velimir"]
[Black "Movahed, Sina"]
[Result "0-1"]
[WhiteTitle "GM"]
[BlackTitle "IM"]
[WhiteElo "2595"]
[BlackElo "2463"]
[WhiteFideId "950122"]
[BlackFideId "42520835"]
[EventDate "2024.05.25"]

1. e4 c5 2. Nf3 e6 3. d3 Nc6 4. g3 d5 5. Qe2 Nf6 6. Bg2 Be7 7. a4 O-O 8. O-O Re8
9. Na3 e5 10. exd5 Nxd5 11. Nxe5 Nd4 12. Qh5 Be6 13. f4 Nf6 14. Qd1 Bd6 15. Nac4
Bxe5 16. Nxe5 Bd5 17. Bxd5 Qxd5 18. Be3 Nd7 19. Nc4 Nb6 20. b3 Re6 21. a5 Nd7
22. c3 Nf5 23. Qf3 Nxe3 24. Nxe3 Qxd3 25. Nc4 Qxf3 26. Rxf3 b5 27. axb6 Nxb6 28.
f5 Ree8 29. Nd6 Re2 30. Rd1 f6 31. Rfd3 h5 32. R1d2 Re5 33. Kf2 a5 34. Re3 Rxe3
35. Kxe3 a4 36. bxa4 Rxa4 37. Rb2 Ra6 38. Ke4 Kh7 39. Rb5 Na4 0-1

[Event "24th Dubai Open A 2024"]
[Site "Dubai UAE"]
[Date "2024.06.02"]
[Round "9.4"]
[White "Safarli, Eltaj"]
[Black "Aronyak, Ghosh"]
[Result "1-0"]
[WhiteTitle "GM"]
[BlackTitle "IM"]
[WhiteElo "2594"]
[BlackElo "2528"]
[WhiteFideId "13402129"]
[BlackFideId "25072846"]
[EventDate "2024.05.25"]

1. e4 c6 2. Nf3 d5 3. d3 g6 4. e5 Bg7 5. d4 f6 6. exf6 exf6 7. Be2 Na6 8. O-O
Nc7 9. c4 Ne7 10. Nc3 O-O 11. b3 Be6 12. Re1 Re8 13. Ba3 Bf8 14. Rc1 Bf7 15. Qd2
Qd7 16. Bd3 Rad8 17. h3 Ne6 18. Rcd1 Kg7 19. Bc1 Kg8 20. Ba3 Kg7 21. Bb2 g5 22.
h4 h6 23. hxg5 hxg5 24. Ne2 Bg6 25. Ba3 Bxd3 26. Qxd3 Ng6 27. Bxf8+ Nexf8 28.
Ng3 Nf4 29. Qc2 Kg8 30. Nh2 Rxe1+ 31. Rxe1 dxc4 32. bxc4 N8e6 33. Qf5 Kg7 34.
Ng4 Qf7 35. Nh5+ Qxh5 36. Qxf6+ Kg8 37. Rxe6 Nxe6 38. Qxe6+ Kf8 39. Qf6+ Ke8 40.
Qe5+ Kf8 41. Qc5+ Kf7 42. f3 Qh4 43. Qe5 Rxd4 44. Qf6+ Kg8 45. Qe6+ Kf8 46. Qf6+
Kg8 47. Qe6+ Kf8 48. Qf5+ Kg8 49. Qc8+ Kf7 50. Qxb7+ Ke8 51. Qxc6+ Kd8 52. Qa8+
Kc7 53. Qxa7+ Kc8 54. Qa8+ Kc7 55. Qa7+ Kc8 56. Qc5+ Kb7 57. Qe7+ Ka6 58. Qe2
Qh7 59. c5+ Ka7 60. Ne5 Qb1+ 61. Kf2 Ra4 62. Nc6+ Kb7 63. Qe7+ Kxc6 64. Qd6+ Kb7
65. Qd7+ Kb8 66. Qxa4 Qb2+ 67. Kg3 Qe5+ 68. Kg4 1-0